000
00333nam a2200133Ia 4500
008
190722s9999 xx 000 0 und d
020
_a
978-0-8153-4464-3
100
_a
Alberts Johnson
245
0
_a
Molecular Biology of the Cell
250
_a
6th
260
_a
UK
_b
Garland Science
_c
2015
300
_a
1342 Glossary
942
_c
BK
999
_c
1126
_d
1126